[Event "Moscow Open A 2015"]
[Site "Moscow RUS"]
[Date "2015.02.03"]
[Round "4.33"]
[White "Badmatsyrenov, Oleg"]
[Black "Oganian, Miran"]
[Result "0-1"]
[WhiteTitle "IM"]
[BlackTitle "FM"]
[WhiteElo "2481"]
[BlackElo "2347"]
[WhiteFideId "24115762"]
[BlackFideId "4122488"]
[EventDate "2015.01.31"]

1. e4 c5 2. Nf3 Nc6 3. d4 cxd4 4. Nxd4 e5 5. Nb5 a6 6. Nd6+ Bxd6 7. Qxd6 Qe7 8.
Qd1 Nf6 9. Nc3 d6 10. Nd5 Nxd5 11. exd5 Nb8 12. Bd3 O-O 13. O-O f5 14. f4 Nd7
15. c4 Qf6 16. Kh1 Rb8 17. a4 a5 18. Ra3 b6 19. Be2 Nc5 20. Rh3 Bd7 21. b3 Rbe8
22. Bb2 Qf7 23. Bd3 exf4 24. Rxf4 Nxd3 25. Rxd3 Re4 26. Rf1 f4 27. Rd4 Rfe8 28.
Rxe4 Rxe4 29. Bd4 Qg6 30. Bxb6 Bg4 31. Qd2 h5 32. h3 Re2 33. Qxf4 Bxh3 34. Rf2
Bxg2+ 35. Kh2 Rxf2 36. Qxf2 Be4 37. Bxa5 Qg4 38. Bd8 Qd1 39. b4 Qxa4 40. Qe2 Qe8
41. Bh4 Qg6 42. Qf2 Bd3 43. c5 dxc5 44. bxc5 Be4 45. d6 Bc6 46. Qa2+ Kh7 47. Qe2
Qf5 48. Bg3 Qd5 49. Qf1 Qe4 50. d7 Bxd7 51. Qf4 Qc2+ 52. Bf2 Qd3 53. Be3 Bc6 54.
Kg3 Qd5 55. Kf2 Qg2+ 56. Ke1 Be4 57. Bf2 Qh1+ 58. Ke2 Qb1 59. Be3 Qc2+ 60. Ke1
Bd3 61. Qf3 Qb1+ 62. Kf2 Qf1+ 63. Kg3 h4+ 0-1

[Event "Moscow Open A 2015"]
[Site "Moscow RUS"]
[Date "2015.02.03"]
[Round "4.34"]
[White "Gordievsky, Dmitry"]
[Black "Natacheev, Peter"]
[Result "1/2-1/2"]
[WhiteTitle "FM"]
[BlackTitle "FM"]
[WhiteElo "2479"]
[BlackElo "2308"]
[WhiteFideId "24112798"]
[BlackFideId "4191854"]
[EventDate "2015.01.31"]

1. d4 d5 2. c4 c6 3. Nc3 Nf6 4. e3 a6 5. Nf3 b5 6. b3 Bf5 7. Be2 e6 8. O-O Bb4
9. Bb2 O-O 10. Ne5 Nfd7 11. Nd3 Bd6 12. f4 Bxd3 13. Bxd3 f5 14. g4 g6 15. g5 h6
16. h4 Rf7 17. Qf3 Ra7 18. Rac1 Nf8 19. Rc2 Rh7 20. Rff2 Raf7 21. Rh2 Qe7 22.
Rcg2 hxg5 23. hxg5 Rxh2 24. Rxh2 Rh7 25. Rxh7 Qxh7 26. cxd5 b4 27. dxc6 bxc3 28.
Bxc3 Qh5 29. Be2 Nxc6 30. Qg2 Qh4 31. Qxc6 Qg3+ 32. Kf1 Qxe3 33. Qxd6 Qxc3 34.
Kf2 a5 35. Qe5 Qb2 36. Kf3 Qc3+ 37. Kf2 Qb2 38. Kf3 Qc3+ 39. Qe3 Qc6+ 40. Kf2
Nd7 41. Bc4 Kf7 42. Qf3 Qb6 43. Ke3 Ke7 44. Kd3 Qd6 45. Qe3 Qb4 46. Kc2 Qa3 47.
Kb1 Qd6 1/2-1/2

[Event "Moscow Open A 2015"]
[Site "Moscow RUS"]
[Date "2015.02.03"]
[Round "4.35"]
[White "Triapishko, Olexandr"]
[Black "Matinian, Nikita"]
[Result "0-1"]
[BlackTitle "IM"]
[WhiteElo "2379"]
[BlackElo "2475"]
[WhiteFideId "14122286"]
[BlackFideId "24129100"]
[EventDate "2015.01.31"]

1. e4 c5 2. Nf3 d6 3. d4 cxd4 4. Nxd4 Nf6 5. Nc3 g6 6. Be3 Bg7 7. f3 O-O 8. Qd2
Nc6 9. g4 Be6 10. Nxe6 fxe6 11. O-O-O Ne5 12. Be2 Rc8 13. Nb5 Qd7 14. Nd4 Nc4
15. Bxc4 Rxc4 16. b3 Rc7 17. Kb1 b5 18. Qa5 Rb7 19. Rd3 Ne8 20. Rf1 d5 21. Ne2
Nd6 22. exd5 exd5 23. Bd4 Nc4 24. Qe1 e5 25. Bc3 Na3+ 26. Kb2 b4 27. Bxb4 e4+
28. Rd4 Nc4+ 29. Kc1 Rxf3 30. Bc3 Qe7 31. Rxc4 dxc4 32. Nd4 cxb3 33. axb3 Rxf1
34. Qxf1 Qc5 35. Qc4+ Qxc4 36. bxc4 Bxd4 37. Bxd4 a5 38. c5 a4 39. Kd2 a3 40.
Ke3 a2 0-1

[Event "Moscow Open A 2015"]
[Site "Moscow RUS"]
[Date "2015.02.03"]
[Round "4.36"]
[White "Potapov, Pavel"]
[Black "Schekachikhin, Maksim"]
[Result "1-0"]
[WhiteTitle "IM"]
[BlackTitle "FM"]
[WhiteElo "2474"]
[BlackElo "2306"]
[WhiteFideId "4169786"]
[BlackFideId "24177830"]
[EventDate "2015.01.31"]

1. e4 c5 2. c3 d5 3. exd5 Qxd5 4. d4 Nf6 5. Nf3 e6 6. Bd3 Be7 7. O-O O-O 8. Be3
Rd8 9. Qe2 Nc6 10. Rd1 Qh5 11. dxc5 Bxc5 12. Bxc5 Qxc5 13. Nbd2 Bd7 14. Ne4 Qe7
15. Rd2 Nd5 16. Bc2 Be8 17. Rad1 f6 18. Bb3 Bf7 19. Bxd5 exd5 20. Ng3 Qc5 21.
Nd4 Ne5 22. Ngf5 Re8 23. h4 Ng6 24. Qg4 Re4 25. Qg3 h5 26. Qd6 Qc8 27. g3 Re5
28. Ne3 Qe8 29. Re2 Rd8 30. Qc5 b6 31. Qb5 Qf8 32. Rde1 Be8 33. Qb3 Qf7 34. f4
Re7 35. Nef5 Rxe2 36. Rxe2 Rb8 37. Ne6 Bd7 38. Nd6 1-0

[Event "Moscow Open A 2015"]
[Site "Moscow RUS"]
[Date "2015.02.03"]
[Round "4.37"]
[White "Vdovin, Vadim"]
[Black "Geller, Jakov"]
[Result "0-1"]
[WhiteTitle "FM"]
[BlackTitle "GM"]
[WhiteElo "2377"]
[BlackElo "2472"]
[WhiteFideId "24107158"]
[BlackFideId "4151984"]
[EventDate "2015.01.31"]

1. e4 c5 2. Nf3 e6 3. d4 cxd4 4. Nxd4 Nc6 5. Nc3 Qc7 6. Be2 Nf6 7. O-O Be7 8.
Be3 O-O 9. f4 d6 10. Kh1 Nxd4 11. Bxd4 e5 12. Be3 a6 13. a4 exf4 14. Bxf4 Be6
15. Nd5 Bxd5 16. exd5 Nd7 17. c4 Bf6 18. Rb1 a5 19. Bd3 g6 20. b3 Rfe8 21. Qf3
Ne5 22. Bxe5 Bxe5 23. Rbe1 Re7 24. Re2 Rae8 25. Rfe1 h5 26. g3 Qb6 27. Bc2 Kg7
28. Kg2 f5 29. Qe3 Qb4 30. Qg5 Rf7 31. Qe3 Ree7 32. Qd3 b6 33. Rf1 Bf6 34. Rff2
Re5 35. h3 Qc5 36. Qd1 Rfe7 37. Rxe5 Rxe5 38. Re2 Kf7 39. Rxe5 dxe5 40. g4 hxg4
41. hxg4 Qe3 42. d6 e4 43. d7 Qg5 44. Qd5+ Kg7 45. Bd1 Bd8 46. Be2 Qe3 47. Kf1
Qc5 48. Qd2 Qe5 49. gxf5 gxf5 50. c5 bxc5 51. Bc4 Qa1+ 52. Ke2 Qd4 53. Qf4 Qxd7
54. Qe5+ Kg6 55. Qxc5 Qc7 56. Qf8 Bf6 57. Qg8+ Bg7 58. Qe6+ Kg5 59. Qg8 Qe5 60.
Qd8+ Bf6 61. Qb6 Qb2+ 62. Kd1 Qd4+ 63. Qxd4 Bxd4 64. Bd5 Kf4 65. Ke2 Ke5 0-1

[Event "Moscow Open A 2015"]
[Site "Moscow RUS"]
[Date "2015.02.03"]
[Round "4.38"]
[White "Airapetian, Gor"]
[Black "Sysoev, Vjacheslav"]
[Result "1-0"]
[WhiteTitle "IM"]
[BlackTitle "FM"]
[WhiteElo "2470"]
[BlackElo "2306"]
[WhiteFideId "4177916"]
[BlackFideId "4198689"]
[EventDate "2015.01.31"]

1. d4 Nf6 2. c4 g6 3. Nc3 Bg7 4. e4 d6 5. Nf3 O-O 6. h3 e5 7. d5 a5 8. Bg5 Na6
9. g4 Nc5 10. Nd2 h6 11. Be3 Nfd7 12. h4 c6 13. Be2 f5 14. gxf5 gxf5 15. exf5
Rxf5 16. Nde4 Nxe4 17. Nxe4 Nf6 18. dxc6 Nxe4 19. Qd5+ Kh8 20. cxb7 Bxb7 21.
Qxb7 Nc5 22. Qd5 Qf8 23. Bg4 Rf4 24. Bxf4 exf4 25. Kf1 Be5 26. Re1 Re8 27. Rg1
Kh7 28. Bd1 Re6 29. Bc2+ Kh8 30. h5 Qe8 31. Rg6 Rxg6 32. hxg6 Kg7 33. Rxe5 1-0

[Event "Moscow Open A 2015"]
[Site "Moscow RUS"]
[Date "2015.02.03"]
[Round "4.39"]
[White "Kanter, Eduard"]
[Black "Chekhov, Sergei"]
[Result "0-1"]
[WhiteTitle "IM"]
[BlackTitle "IM"]
[WhiteElo "2369"]
[BlackElo "2470"]
[WhiteFideId "4103963"]
[BlackFideId "4195639"]
[EventDate "2015.01.31"]

1. d4 Nf6 2. c4 e6 3. Nf3 b6 4. a3 Bb7 5. Nc3 d5 6. cxd5 Nxd5 7. Bd2 Be7 8. Qc2
O-O 9. e4 Nxc3 10. Bxc3 Nd7 11. Rd1 h6 12. Bc4 Nf6 13. Bd3 Qc8 14. O-O Rd8 15.
Rfe1 c5 16. dxc5 Qxc5 17. Qe2 Qh5 18. h3 Rac8 19. Ba6 Rxd1 20. Rxd1 Rxc3 21.
Bxb7 Rc7 22. Ba8 Qc5 23. e5 Nh5 24. Qd2 g5 25. Be4 Nf4 26. Kh2 a5 27. g3 Rd7 28.
Nd4 Qxe5 29. Bc6 Rd8 30. gxf4 Qf6 31. Qe3 Bc5 32. fxg5 hxg5 33. Rg1 Rxd4 34.
Qxg5+ Qxg5 35. Rxg5+ Kf8 36. f3 Bd6+ 37. Kh1 f5 38. Rg1 Kf7 39. Rf1 Rd2 0-1

[Event "Moscow Open A 2015"]
[Site "Moscow RUS"]
[Date "2015.02.03"]
[Round "4.40"]
[White "Sadovsky, Artem"]
[Black "Kanmazalp, Ogulcan"]
[Result "0-1"]
[BlackTitle "IM"]
[WhiteElo "2362"]
[BlackElo "2457"]
[WhiteFideId "4155840"]
[BlackFideId "6304990"]
[EventDate "2015.01.31"]

1. e4 c5 2. Nf3 d6 3. c3 Nf6 4. h3 Nc6 5. Bd3 d5 6. e5 Nd7 7. Qe2 c4 8. Bc2 Qc7
9. e6 fxe6 10. Ng5 Nde5 11. O-O g6 12. f4 Bh6 13. Nxh7 Rxh7 14. fxe5 Nxe5 15.
Re1 Bf4 16. d4 cxd3 17. Bxd3 Bh2+ 18. Kh1 Bg3 19. Na3 Nxd3 20. Qxd3 Bxe1 21. Bg5
Qe5 22. Nc2 Bf2 23. Rf1 0-1

[Event "Moscow Open A 2015"]
[Site "Moscow RUS"]
[Date "2015.02.03"]
[Round "4.41"]
[White "Kholopov, Alexander A."]
[Black "Konovalov, Nikolay"]
[Result "1/2-1/2"]
[WhiteTitle "FM"]
[BlackTitle "IM"]
[WhiteElo "2334"]
[BlackElo "2442"]
[WhiteFideId "4148100"]
[BlackFideId "4170962"]
[EventDate "2015.01.31"]

1. d4 Nf6 2. Nf3 c5 3. d5 b5 4. Bg5 d6 5. Bxf6 exf6 6. e4 a6 7. a4 b4 8. Bd3 g6
9. O-O Bg7 10. Nbd2 O-O 11. Nc4 a5 12. Qd2 Ba6 13. Rab1 Bxc4 14. Bxc4 Nd7 15.
Bb5 Ne5 16. Qf4 Nxf3+ 17. Qxf3 Qe7 18. Qf4 Qe5 19. Qg4 Qg5 20. Qg3 Qe5 21. Qg4
Qg5 22. Qg3 Qe5 1/2-1/2

[Event "Moscow Open A 2015"]
[Site "Moscow RUS"]
[Date "2015.02.03"]
[Round "4.42"]
[White "Smirnov, Timofey"]
[Black "Makhmutov, Rail"]
[Result "0-1"]
[BlackTitle "FM"]
[WhiteElo "2358"]
[BlackElo "2428"]
[WhiteFideId "24176427"]
[BlackFideId "4122151"]
[EventDate "2015.01.31"]

1. e4 e6 2. d4 d5 3. Nc3 dxe4 4. Nxe4 Bd7 5. Nf3 Bc6 6. Bd3 Nd7 7. O-O Ngf6 8.
Qe2 Nxe4 9. Bxe4 Bxe4 10. Qxe4 c6 11. c4 Be7 12. Bd2 O-O 13. Bc3 Re8 14. Rad1
Bf8 15. Rfe1 Qc8 16. Ng5 Nf6 17. Qf3 h6 18. Ne4 Nxe4 19. Qxe4 Qd7 20. b3 Rad8
21. g3 Rc8 22. Rc1 b5 23. Bb2 a5 24. Rc2 a4 25. Rec1 b4 26. Rd1 Rcd8 27. Rcd2
Qb7 28. Rd3 Rd7 29. Bc1 Ra8 30. Qe2 Rdd8 31. Qc2 Ra6 32. R3d2 Be7 33. Bb2 Ra5
34. Qe4 Bf8 35. Qc2 Rda8 36. Qe4 Rf5 37. Rd3 axb3 38. axb3 Ra2 39. R3d2 Qa8 40.
Re2 Be7 41. Rdd2 Bf6 42. Rc2 Rfa5 43. Rcd2 Qb7 44. Rc2 Ra8 45. Red2 Rd8 46. Kg2
Rd6 47. Kg1 Qd7 48. Qe3 Rxb2 49. Rxb2 Bxd4 50. Qf4 Bxb2 51. Rxb2 c5 52. Qe3 Rd1+
53. Kg2 Qc6+ 54. f3 Qd6 55. Ra2 Rd3 56. Ra8+ Kh7 57. Qe4+ f5 58. Qb7 Rd2+ 59.
Kh3 Qd3 0-1

[Event "Moscow Open A 2015"]
[Site "Moscow RUS"]
[Date "2015.02.03"]
[Round "4.43"]
[White "Kopylov, Alexander A."]
[Black "Palachev, Petr"]
[Result "0-1"]
[WhiteTitle "IM"]
[BlackTitle "FM"]
[WhiteElo "2420"]
[BlackElo "2300"]
[WhiteFideId "4164857"]
[BlackFideId "24129003"]
[EventDate "2015.01.31"]

1. e4 c6 2. c4 d5 3. exd5 cxd5 4. cxd5 Nf6 5. Nc3 Nxd5 6. Nf3 Nc6 7. Bc4 Nb6 8.
Bb5 a6 9. Bxc6+ bxc6 10. Ne5 Qd4 11. Qe2 e6 12. O-O Bd6 13. Nf3 Qf6 14. Ne4 Qd8
15. d4 O-O 16. Bg5 f6 17. Bh4 a5 18. Nxd6 Qxd6 19. Rfe1 Re8 20. Nd2 Qxd4 21. Ne4
Ba6 22. Qg4 f5 23. Bf6 Qd7 24. Qg3 fxe4 25. Rxe4 Kh8 26. Bd4 Nd5 27. Rae1 Nf6
28. Rh4 c5 29. Bc3 Bb7 30. h3 Rf8 31. Re5 Rf7 32. Rxc5 Bd5 33. Bxa5 Kg8 34. Qe3
Bxa2 35. Bc3 Bb1 36. Bxf6 gxf6 37. Rd4 0-1

[Event "Moscow Open A 2015"]
[Site "Moscow RUS"]
[Date "2015.02.03"]
[Round "4.44"]
[White "Alikulov, Elbek"]
[Black "Afanasiev, Nikita"]
[Result "1/2-1/2"]
[WhiteTitle "FM"]
[BlackTitle "FM"]
[WhiteElo "2418"]
[BlackElo "2264"]
[WhiteFideId "14203308"]
[BlackFideId "24183555"]
[EventDate "2015.01.31"]

1. e4 Nf6 2. e5 Nd5 3. d4 d6 4. Nf3 Bg4 5. Be2 e6 6. c4 Nb6 7. exd6 cxd6 8. h3
Bxf3 9. Bxf3 d5 10. c5 Nc8 11. O-O Be7 12. Nc3 Nc6 13. Ne2 O-O 14. Rb1 b5 15.
Be3 Kh8 16. Re1 a5 17. Qd2 a4 18. Nf4 Qd7 19. g3 N8a7 20. Rbd1 Rfb8 21. Qe2 b4
22. Bg2 Nb5 23. Qg4 Ra7 24. Bf1 g6 25. Qf3 Kg8 26. h4 Bf8 27. h5 g5 28. Bxb5
Rxb5 29. Ng2 h6 30. Qe2 Rb8 31. f4 f6 32. Bf2 Re8 33. Qd3 Qh7 34. f5 e5 35. dxe5
Nxe5 36. Qxd5+ Qf7 37. Kf1 Rc7 38. Re4 Rb8 39. Ne1 Kg7 40. Qxf7+ Kxf7 41. Rd5 g4
42. b3 axb3 43. axb3 Rbc8 44. Bd4 Nc6 45. Bb2 Ne7 46. Rd6 Bg7 47. Rxg4 Rxc5 48.
Rxg7+ Kxg7 49. Rxf6 Kg8 50. g4 R5c6 51. Rxc6 Rxc6 52. Ke2 Nd5 53. Kd3 Nc3 54.
Nc2 Rd6+ 55. Nd4 Nd1 56. Bc1 Nf2+ 57. Kc4 Nxg4 58. Bd2 Rd7 59. Kc5 Kf7 60. Bxb4
Ne3 1/2-1/2

[Event "Moscow Open A 2015"]
[Site "Moscow RUS"]
[Date "2015.02.03"]
[Round "4.45"]
[White "Ovchinnikov, Vsevolod"]
[Black "Usmanov, Vasily"]
[Result "0-1"]
[WhiteTitle "FM"]
[BlackTitle "IM"]
[WhiteElo "2249"]
[BlackElo "2414"]
[WhiteFideId "24176842"]
[BlackFideId "4135741"]
[EventDate "2015.01.31"]

1. d4 Nf6 2. c4 e6 3. Nf3 Bb4+ 4. Bd2 Qe7 5. g3 Bxd2+ 6. Qxd2 Nc6 7. Nc3 d5 8.
Bg2 dxc4 9. O-O O-O 10. e4 Rd8 11. e5 Nd7 12. Qe2 Nb6 13. Rfd1 Bd7 14. Ne4 Nb4
15. a3 N4d5 16. Nc5 Bc6 17. Rdc1 Qe8 18. Qc2 h6 19. Nd2 Ne7 20. Nxc4 Bxg2 21.
Kxg2 Nf5 22. Nxb6 axb6 23. Nb3 Qa4 24. Rd1 c6 25. Qc3 Rd7 26. g4 Ne7 27. Rd2
Rad8 28. Qb4 Qxb4 29. axb4 Rd5 30. Rc2 Rb5 31. Rc4 Nd5 32. Ra7 Rb8 33. Nd2 Nxb4
34. b3 c5 35. dxc5 Nc6 36. Raa4 Nxe5 37. Re4 Rxc5 38. Rab4 Rd8 39. Nc4 Nxc4 40.
Rexc4 Rxc4 41. Rxc4 g5 42. Rb4 Rd6 43. h4 Kg7 44. h5 Kf6 45. Kf3 Ke5 46. Ke3 Kd5
47. f4 f6 48. fxg5 fxg5 49. Rd4+ Kc6 50. Rc4+ Kd7 51. Rb4 Kc7 52. Ke4 Rd5 53.
Rc4+ Kd6 54. Rc8 Re5+ 55. Kd4 Rb5 56. Rd8+ Kc7 57. Rh8 Rxb3 58. Ke5 Rg3 59. Rxh6
Rxg4 60. Rxe6 b5 61. Kf5 Rg1 62. h6 g4 0-1

[Event "Moscow Open A 2015"]
[Site "Moscow RUS"]
[Date "2015.02.03"]
[Round "4.46"]
[White "Kardashevskiy, Evgeny"]
[Black "Sadikhov, Ulvi"]
[Result "1/2-1/2"]
[BlackTitle "FM"]
[WhiteElo "2236"]
[BlackElo "2414"]
[WhiteFideId "24108138"]
[BlackFideId "13401416"]
[EventDate "2015.01.31"]

1. d4 d6 2. Nf3 g6 3. c4 Bg7 4. Nc3 Nd7 5. e4 e5 6. Be2 Ngf6 7. O-O O-O 8. Be3
Qe7 9. d5 Ng4 10. Bg5 f6 11. Bd2 f5 12. Ng5 Ndf6 13. exf5 gxf5 14. f3 Nh6 15.
Bd3 Kh8 16. Qc2 Bd7 17. Rae1 Rae8 18. Kh1 Nh5 19. f4 Ng4 20. g3 Qf6 21. fxe5
dxe5 22. Kg2 h6 23. Nge4 Qg6 24. Ne2 fxe4 25. Bxe4 Qd6 26. c5 Qa6 27. Nc3 Rxf1
28. Rxf1 Nhf6 29. Bd3 b5 30. c6 Bxc6 31. dxc6 Qxc6+ 32. Ne4 Qd5 33. h3 Rd8 34.
hxg4 Qxd3 35. Qxd3 Rxd3 36. Nxf6 Rxd2+ 37. Kh3 Rxb2 38. g5 Rxa2 39. Kg4 Ra3 40.
Rd1 hxg5 41. Rd8+ Bf8 42. Rd7 1/2-1/2

[Event "Moscow Open A 2015"]
[Site "Moscow RUS"]
[Date "2015.02.03"]
[Round "4.47"]
[White "Drygalov, Andrey"]
[Black "Simonian, Tigran"]
[Result "1/2-1/2"]
[BlackTitle "IM"]
[WhiteElo "2162"]
[BlackElo "2412"]
[WhiteFideId "24171735"]
[BlackFideId "13303597"]
[EventDate "2015.01.31"]

1. d4 Nf6 2. c4 e6 3. Nf3 d5 4. Nc3 c6 5. e3 Nbd7 6. Qc2 Bd6 7. Bd3 O-O 8. O-O
dxc4 9. Bxc4 a6 10. a4 c5 11. Rd1 Qe7 12. h3 h6 13. dxc5 Bxc5 14. e4 e5 15. Nh4
Rd8 16. Nf5 Qf8 17. Qb3 Bd4 18. Nd5 Nxd5 19. Bxd5 Nc5 20. Qf3 Bxf5 21. Qxf5 Rd6
22. Be3 Rf6 23. Qg4 Bxe3 24. fxe3 a5 25. Bc4 Qc8 26. Qxc8+ Rxc8 27. Bd5 Kf8 28.
Rf1 Rxf1+ 29. Rxf1 f6 30. Rc1 b6 31. Rc4 Rc7 32. Kf2 Ke7 33. Kf3 Kd6 34. h4 g6
35. h5 gxh5 36. Kg3 Nxe4+ 37. Rxe4 Kxd5 38. Rh4 Rg7+ 39. Kf3 Rg5 40. b4 Rg4 41.
Rxh5 Rxb4 42. Rxh6 Rb1 43. Ke2 Ke4 44. Rh4+ Kf5 45. Rc4 Rb4 46. Rc6 Ke4 47. Rxf6
Rb2+ 48. Kf1 Kxe3 49. g4 b5 50. axb5 Rxb5 51. g5 e4 52. g6 Rg5 53. Ra6 Kd2 54.
Rd6+ Kc3 55. Kf2 a4 56. Ra6 Kb3 57. Rb6+ Kc3 58. Ra6 Kb4 59. Ke3 Rg4 60. Re6 Kb3
61. Rb6+ Ka2 62. Kd4 a3 63. Ke3 Ka1 64. Kd4 Ka2 65. Ke3 Ka1 66. Kd4 1/2-1/2

[Event "Moscow Open A 2015"]
[Site "Moscow RUS"]
[Date "2015.02.03"]
[Round "4.48"]
[White "Parvanyan, Ashot"]
[Black "Naumkin, Igor"]
[Result "1/2-1/2"]
[BlackTitle "GM"]
[WhiteElo "2053"]
[BlackElo "2408"]
[WhiteFideId "13307550"]
[BlackFideId "4101715"]
[EventDate "2015.01.31"]

1. Nf3 Nf6 2. d4 e6 3. c4 b6 4. g3 Bb7 5. Bg2 Be7 6. O-O O-O 7. Re1 d5 8. cxd5
exd5 9. Nc3 Na6 10. Bf4 c5 11. Rc1 Ne4 12. dxc5 Naxc5 13. Nd4 Bg5 14. Bxg5 Qxg5
15. b4 Ne6 16. Nxe4 dxe4 17. Nxe6 fxe6 18. Rc7 Bd5 19. Qc1 Qe5 20. Qc3 Qxc3 21.
Rxc3 Rfc8 22. Rec1 Rxc3 23. Rxc3 a5 24. bxa5 Rxa5 25. a3 Kf7 26. f3 exf3 27.
Bxf3 Bxf3 28. exf3 Rb5 29. Rc7+ Kf6 30. a4 Rb4 31. Ra7 h5 32. a5 bxa5 33. Rxa5
g5 34. h4 gxh4 35. Rxh5 hxg3 36. Kg2 e5 37. Kxg3 Ra4 38. Rh8 Kf5 39. Rf8+ Ke6
40. Re8+ Kf5 1/2-1/2

[Event "Moscow Open A 2015"]
[Site "Moscow RUS"]
[Date "2015.02.03"]
[Round "4.49"]
[White "Rozhko, Dmitry"]
[Black "Alekseev, Evgeny"]
[Result "0-1"]
[WhiteTitle "FM"]
[BlackTitle "GM"]
[WhiteElo "2354"]
[BlackElo "2679"]
[WhiteFideId "4150430"]
[BlackFideId "4138147"]
[EventDate "2015.01.31"]

1. d4 Nf6 2. Nf3 c5 3. c3 d5 4. Bf4 Nc6 5. dxc5 e6 6. e3 Bxc5 7. Nbd2 O-O 8. Bd3
b6 9. O-O Bb7 10. Qe2 Ne7 11. Rfd1 Ng6 12. Bg3 Qe7 13. Ba6 Rad8 14. Bxb7 Qxb7
15. Ne5 Be7 16. Nxg6 hxg6 17. Bh4 b5 18. a3 a6 19. Nf3 Rc8 20. Ne5 Bd6 21. Nf3
Ne4 22. Bg3 Be7 23. Bh4 Bf6 24. Bxf6 gxf6 25. a4 b4 26. cxb4 Qxb4 27. Rd4 Qb3
28. Ne1 Rc6 29. f3 Nd6 30. Rd3 Qb6 31. b3 Rfc8 32. Rb1 Nc4 33. b4 Nd6 34. Rdb3
Rc4 35. R1b2 Nf5 36. g4 Nd6 37. Nd3 a5 38. Qe1 axb4 39. Rxb4 Qa7 40. Rb6 Rc3 41.
Qd2 R3c6 42. Rxc6 Rxc6 43. Nb4 Rc4 44. Kg2 Qxa4 45. e4 d4 46. Nd3 Rc8 47. Qb4
Rc2+ 48. Kg3 Qxb4 49. Rxb4 e5 50. Rb3 Kg7 51. h4 Nc4 52. g5 f5 53. exf5 gxf5 54.
h5 Nd2 55. Rb2 Nf1+ 56. Kh3 Rxb2 57. Nxb2 f6 58. h6+ Kg6 59. gxf6 Nd2 60. Kg3
Kxh6 61. Nd3 Nc4 62. Nc5 Kg6 63. Nd7 Kf7 64. Kf2 Ke6 65. Nc5+ Kxf6 66. Ke2 Ne3
67. Kd3 Ng2 68. Kc4 Nf4 69. Nd7+ Ke6 70. Nc5+ Ke7 71. Nb7 Ng6 72. Nc5 Kf6 73.
Kd3 Kg5 74. Ne6+ Kh4 75. Ng7 Nf4+ 76. Kc4 Kg5 77. Ne8 Ng6 78. Kd3 Nh4 79. Ke2
Kf4 0-1

[Event "Moscow Open A 2015"]
[Site "Moscow RUS"]
[Date "2015.02.03"]
[Round "4.50"]
[White "Kazhgaleyev, Murtas"]
[Black "Shtembuliak, Evgeny"]
[Result "1-0"]
[WhiteTitle "GM"]
[BlackTitle "FM"]
[WhiteElo "2573"]
[BlackElo "2352"]
[WhiteFideId "13700316"]
[BlackFideId "14113325"]
[EventDate "2015.01.31"]

1. d4 Nf6 2. c4 d6 3. Nc3 Nbd7 4. Nf3 c6 5. g3 e5 6. Bg2 Be7 7. O-O O-O 8. Qc2
a6 9. Rd1 Qc7 10. b3 Re8 11. h3 Bf8 12. e4 b6 13. Be3 g6 14. Rac1 Bb7 15. d5 c5
16. Ne1 Nh5 17. Qe2 Be7 18. Nd3 Qd8 19. Kh2 Ng7 20. b4 Bg5 21. f4 exf4 22. gxf4
Bh4 23. bxc5 bxc5 24. Rb1 Bc8 25. Bf2 f5 26. e5 Bf6 27. Qd2 dxe5 28. d6 e4 29.
Nxc5 Nxc5 30. Bxc5 Ne6 31. Bb6 Qd7 32. Nd5 Bg7 33. Be3 Qd8 34. Ne7+ Kh8 35. Nxc8
g5 36. d7 Rf8 37. Kh1 gxf4 38. Bxf4 Qh4 39. Rb6 Nxf4 40. d8=Q Qg3 41. Rf6 Rxc8
42. Rxf8+ 1-0

[Event "Moscow Open A 2015"]
[Site "Moscow RUS"]
[Date "2015.02.03"]
[Round "4.51"]
[White "Pavlov, Sergey2"]
[Black "Torosyan, Norayr"]
[Result "1-0"]
[WhiteTitle "IM"]
[WhiteElo "2493"]
[BlackElo "2349"]
[WhiteFideId "14114330"]
[BlackFideId "13300431"]
[EventDate "2015.01.31"]

1. c4 Nf6 2. Nc3 e5 3. Nf3 Nc6 4. g3 Bc5 5. Nxe5 Bxf2+ 6. Kxf2 Nxe5 7. e4 c5 8.
Be2 d6 9. d3 O-O 10. Kg2 Be6 11. Rf1 Nfd7 12. Bf4 Nb8 13. Qd2 Qd7 14. Rf2 Nbc6
15. Re1 Nd4 16. Bd1 f5 17. b3 Rae8 18. Ne2 Ndf3 19. Rxf3 fxe4 20. dxe4 Nxf3 21.
Kxf3 g5 22. Ke3 gxf4+ 23. gxf4 Rf7 24. Ng3 Rg7 25. Bh5 Bf7 26. Bxf7+ Rxf7 27.
Rg1 Rg7 28. f5 Qe7 29. Qd5+ Kh8 30. Rf1 Qf6 31. Rf4 Qc3+ 32. Qd3 Qxd3+ 33. Kxd3
Kg8 34. Rh4 Rd7 35. Nh5 Kf7 36. Nf4 Kf6 37. Nd5+ Kg7 38. Ke3 Rf7 39. Kf4 Rg8 40.
Rh3 a6 41. a4 Re8 42. Rh4 Rg8 43. a5 Re8 44. Kg5 Re5 45. Rh6 Rxe4 46. Nf6 Rxf6
47. Rxf6 Rd4 48. Re6 Kf7 49. Rh6 Kg8 50. Kf6 d5 51. cxd5 Rxd5 52. Rh3 Rd2 53.
Rc3 Rxh2 54. Rxc5 h5 55. Rc7 h4 56. Rxb7 h3 57. Rg7+ Kf8 58. Rg3 Rh1 59. Rd3 Ke8
60. b4 h2 61. Rd2 Rb1 62. Rxh2 Rxb4 63. Rh8+ Kd7 64. Ra8 1-0

[Event "Moscow Open A 2015"]
[Site "Moscow RUS"]
[Date "2015.02.03"]
[Round "4.52"]
[White "Yeletsky, Ivan"]
[Black "Vlassov, Nikolai"]
[Result "0-1"]
[WhiteTitle "FM"]
[BlackTitle "IM"]
[WhiteElo "2315"]
[BlackElo "2493"]
[WhiteFideId "24180327"]
[BlackFideId "4103360"]
[EventDate "2015.01.31"]

1. d4 Nf6 2. c4 Nc6 3. Nf3 e6 4. a3 d5 5. Nc3 dxc4 6. e4 Na5 7. Bxc4 Nxc4 8.
Qa4+ Nd7 9. Qxc4 Bd6 10. Bg5 Nb6 11. Qe2 f6 12. Be3 O-O 13. Rd1 Qe8 14. O-O e5
15. Nh4 Be6 16. d5 Bd7 17. Nf5 Bxf5 18. exf5 Nc8 19. Ne4 Ne7 20. Qf3 Qd7 21. g4
Kh8 22. Kh1 Rf7 23. Rg1 Rg8 24. Qh3 g6 25. Qh4 g5 26. Qh5 Rgg7 27. Rg2 Qa4 28.
Nc3 Qb3 29. Rc1 Kg8 30. h4 h6 31. Rh2 Rh7 32. Ne4 Qd3 33. Nxf6+ Rxf6 34. hxg5
Qe4+ 35. Kg1 Nxd5 36. gxf6 Nxe3 37. Re1 Qxg4+ 38. Qxg4+ Nxg4 39. Rg2 h5 40. f3
Kf7 41. fxg4 hxg4 42. Rxg4 Kxf6 43. Rf1 Rh5 44. Rg6+ Kf7 45. Rg4 Kf6 46. Kg2
Rxf5 47. Rxf5+ Kxf5 48. Kf3 b5 49. Rh4 a5 50. Rh5+ Kg6 51. Rh1 Kf5 52. Rh5+ Kg6
53. Kg4 a4 54. Rh8 Bc5 55. Rb8 Bb6 56. Kf3 Kf5 57. Rf8+ Ke6 58. Re8+ Kd5 59. Ke2
Ke4 60. Kd2 Kf3 61. Kc1 Bd4 62. Kd1 Bxb2 63. Rb8 Bxa3 64. Rxb5 0-1

[Event "Moscow Open A 2015"]
[Site "Moscow RUS"]
[Date "2015.02.03"]
[Round "4.53"]
[White "Yilmazyerli, Mert"]
[Black "Atabayev, Saparmyrat"]
[Result "1-0"]
[WhiteTitle "IM"]
[BlackTitle "FM"]
[WhiteElo "2465"]
[BlackElo "2332"]
[WhiteFideId "6305962"]
[BlackFideId "14000571"]
[EventDate "2015.01.31"]

1. e4 c5 2. b3 Nc6 3. Bb2 e6 4. Nf3 d5 5. Bb5 Nf6 6. exd5 exd5 7. Qe2+ Be7 8.
Bxf6 gxf6 9. O-O a6 10. Bxc6+ bxc6 11. Re1 Be6 12. Nc3 Qc7 13. d4 Qa7 14. Rad1
O-O-O 15. Na4 Kb7 16. Qe3 cxd4 17. Nxd4 Rde8 18. Qc3 Rc8 19. Nxe6 fxe6 20. Rxe6
Bd8 21. Rde1 Rg8 22. Rd6 Bc7 23. Qxc6+ Kb8 24. Nc5 Bxd6 25. Nxa6+ 1-0